[Event "International Championship of Central Se"]
[Site "Paracin, hotel "]
[Date "2015.07.09"]
[Round "8.1"]
[White "Budisavljevic, Luka"]
[Black "Golubovic, Marko"]
[Result "1-0"]
[WhiteElo "1937"]
[BlackElo "1991"]
[PlyCount "73"]
[EventDate "2015.07.03"]

1. d4 Nf6 2. Nf3 g6 3. c4 c5 4. e3 Bg7 5. Nc3 cxd4 6. exd4 d5 7. Be2 O-O 8. O-O
Nc6 9. Re1 Bg4 10. c5 b6 11. Qa4 Bxf3 12. Bxf3 Rc8 13. cxb6 axb6 14. Be3 e6 15.
Rac1 Ne8 16. Nxd5 exd5 17. Rxc6 Ra8 18. Qb3 Nf6 19. Rxb6 Rxa2 20. Bg5 Re8 21.
Rc1 Qc7 22. g3 Qa7 23. Bxf6 Bxf6 24. Rxf6 Qxd4 25. Qxa2 Qxf6 26. Qxd5 Qxb2 27.
Rc7 Qf6 28. Qc6 Re6 29. Rc8+ Kg7 30. Qc3 Re5 31. Rc6 Qf5 32. Rc5 f6 33. Rxe5
fxe5 34. h4 Kf8 35. Qc6 g5 36. Qd6+ Kf7 37. Bh5+ 1-0

[Event "International Championship of Central Se"]
[Site "Paracin, hotel "]
[Date "2015.07.09"]
[Round "8.2"]
[White "Maksimovic, Bojan"]
[Black "Musovic, Sabrija"]
[Result "1-0"]
[WhiteElo "1901"]
[BlackElo "2021"]
[PlyCount "125"]
[EventDate "2015.07.03"]

1. e4 c5 2. Nf3 d6 3. d4 cxd4 4. Nxd4 Nf6 5. Nc3 a6 6. Be3 e5 7. Nf3 Be7 8. Bc4
Qc7 9. Bb3 Bg4 10. O-O Nbd7 11. h3 Bh5 12. Qe2 h6 13. Rad1 Rc8 14. a4 O-O 15.
g4 Bg6 16. Nd2 Nc5 17. f3 Ne6 18. Nc4 Nc5 19. a5 Qc6 20. Nb6 Rb8 21. Ncd5 Nxd5
22. Bxd5 Qc7 23. Ba2 Bd8 24. b4 Ne6 25. Qc4 Re8 26. Qd3 Bg5 27. Bxg5 Nxg5 28.
Kh2 Rbd8 29. Rd2 Ne6 30. Bxe6 Rxe6 31. Qb3 Qe7 32. Rfd1 h5 33. Qe3 hxg4 34.
hxg4 Bh7 35. Qf2 Qg5 36. Qg3 Rh6+ 37. Kg2 Kf8 38. Nc4 Re6 39. Rd3 Ke7 40. Ne3
Kf8 41. c4 Rc8 42. Rh1 Kg8 43. Qh4 Qxh4 44. Rxh4 g5 45. Rh1 Kg7 46. Rhd1 Rc6
47. Kf2 Kf8 48. Rd5 Rh6 49. Kg3 Ke7 50. b5 Rc7 51. bxa6 bxa6 52. Rb1 Kd7 53.
Rb6 Rc6 54. c5 Rxb6 55. cxb6 Kc6 56. Nc4 f5 57. gxf5 Bg8 58. b7 Kxb7 59. Rxd6
Rh1 60. Rb6+ Ka7 61. Nxe5 Rg1+ 62. Kf2 Ra1 63. Nc6+ 1-0

[Event "International Championship of Central Se"]
[Site "Paracin, hotel "]
[Date "2015.07.09"]
[Round "8.3"]
[White "Petrovic, Marija"]
[Black "Tomte, Asbjorn"]
[Result "1/2-1/2"]
[WhiteElo "2073"]
[BlackElo "1914"]
[PlyCount "138"]
[EventDate "2015.07.03"]

1. Nf3 d5 2. b3 Bf5 3. Bb2 Nf6 4. g3 Nbd7 5. Bg2 h6 6. d3 c6 7. Nbd2 e6 8. O-O
Be7 9. c4 O-O 10. a3 a5 11. Re1 Qc7 12. e4 dxe4 13. dxe4 Bh7 14. e5 Ne8 15. Ne4
Nc5 16. Nxc5 Bxc5 17. Re2 Qb6 18. Rd2 Nc7 19. Bc3 Na6 20. Rb2 Rfd8 21. Qe1 Nb8
22. Nd2 Rd3 23. Ne4 Bxe4 24. Bxe4 Rxc3 25. Qxc3 Bd4 26. Qd2 Bxb2 27. Qxb2 Nd7
28. Rd1 Nf8 29. Rd6 Qc5 30. Bd3 f6 31. b4 axb4 32. axb4 Qxe5 33. Qxe5 fxe5 34.
b5 cxb5 35. cxb5 Kf7 36. Be4 Ke7 37. Rb6 Ra7 38. Rxb7+ Rxb7 39. Bxb7 Nd7 40.
Bc6 Nb8 41. Bf3 Nd7 42. Kg2 Kd6 43. Bc6 Nf6 44. Bf3 Kc5 45. Be2 e4 46. h4 Nd5
47. Kh3 e3 48. fxe3 Nxe3 49. g4 Nd5 50. Kg3 Kd4 51. Bf3 Nb6 52. Kf4 g6 53. Be4
e5+ 54. Kf3 g5 55. hxg5 hxg5 56. Bc6 Nc4 57. Bd7 e4+ 58. Ke2 Kc5 59. Bc6 Ne5
60. Ke3 Nxg4+ 61. Kxe4 Nf2+ 62. Ke3 Ng4+ 63. Ke4 Nf2+ 64. Kf5 g4 65. Kf4 Nd3+
66. Kg3 Ne5 67. Be8 Nc4 68. Kxg4 Nd6 69. Bd7 Nxb5 1/2-1/2

[Event "International Championship of Central Se"]
[Site "Paracin, hotel "]
[Date "2015.07.09"]
[Round "8.4"]
[White "Isak, Igor G"]
[Black "Milosevic, Rade"]
[Result "1/2-1/2"]
[WhiteElo "2044"]
[BlackElo "2071"]
[PlyCount "139"]
[EventDate "2015.07.03"]

1. d4 Nf6 2. g3 e6 3. Bg2 Be7 4. Nf3 Nc6 5. O-O d5 6. Bf4 O-O 7. c4 Nh5 8. Ne5
Nxf4 9. gxf4 Nxe5 10. fxe5 f5 11. cxd5 exd5 12. Nc3 c6 13. f4 Be6 14. Qb3 Qb6
15. e3 Qxb3 16. axb3 a6 17. Na4 h6 18. Nc5 Bxc5 19. dxc5 Rad8 20. Rad1 Rd7 21.
Kf2 g5 22. Rg1 Rg7 23. Bf3 Kf7 24. b4 g4 25. Be2 h5 26. h4 Kg6 27. Rd4 Rd7 28.
Ra1 Kf7 29. Bf1 Ke7 30. Bg2 Rfd8 31. Ke2 Rc8 32. Kd2 Kd8 33. Kc3 Kc7 34. Rdd1
Rcd8 35. Kd4 Rc8 36. Rdc1 Kd8 37. Ra3 Rdc7 38. Ra5 Kd7 39. Ra3 Rf8 40. Rd3 Ke7
41. Ra1 Rd7 42. Rc3 Rc7 43. b5 axb5 44. Rca3 Kd7 45. Ra7 Rb8 46. Kc3 Kc8 47.
Kb4 Rd7 48. Rd1 Kc7 49. Kc3 Rdd8 50. Rda1 Rg8 51. Kb4 Rgd8 52. R1a6 Rg8 53. Kc3
Rgd8 54. Bf1 Bd7 55. Kd4 Rg8 56. Bg2 Be6 57. Kc3 Rgd8 58. Kb4 Rd7 59. b3 Rdd8
60. Ra1 Rd7 61. Kc3 Rbd8 62. Kb4 Rb8 63. Bf1 Re7 64. R1a6 Bd7 65. Ra1 Ree8 66.
Bg2 Be6 67. Kc3 Red8 68. R1a6 Re8 69. Kb4 Red8 70. Kc3 1/2-1/2

[Event "International Championship of Central Se"]
[Site "Paracin, hotel "]
[Date "2015.07.09"]
[Round "8.5"]
[White "Ostojic, Nikola M"]
[Black "Menzi, Nezihe Ezgi"]
[Result "1/2-1/2"]
[WhiteElo "2031"]
[BlackElo "1807"]
[PlyCount "48"]
[EventDate "2015.07.03"]

1. d4 Nf6 2. c4 g6 3. Nc3 Bg7 4. e4 d6 5. Nf3 O-O 6. Be2 e5 7. dxe5 dxe5 8.
Qxd8 Rxd8 9. Nd5 Nxd5 10. cxd5 c6 11. Bc4 cxd5 12. Bxd5 Nc6 13. Bg5 Rd6 14.
O-O-O Be6 15. Bxe6 Rxe6 16. Rd7 b6 17. Kb1 Bf8 18. Be3 Rd8 19. Rhd1 Rxd7 20.
Rxd7 Rd6 21. Rxd6 Bxd6 22. Ne1 f5 23. f3 Kf7 24. Nd3 Ke6 1/2-1/2

[Event "International Championship of Central Se"]
[Site "Paracin, hotel "]
[Date "2015.07.09"]
[Round "8.6"]
[White "Majstorovic, Dusan"]
[Black "Tomic, Slobodan"]
[Result "1-0"]
[WhiteElo "2001"]
[BlackElo "2061"]
[PlyCount "67"]
[EventDate "2015.07.03"]

1. e4 c5 2. Nc3 Nc6 3. g3 g6 4. Bg2 Bg7 5. d3 Nf6 6. Be3 d6 7. h3 O-O 8. Qd2
Rb8 9. Nge2 Bd7 10. Bh6 Nd4 11. Bxg7 Kxg7 12. Nd1 Qb6 13. c3 Nxe2 14. Qxe2 Nh5
15. Ne3 e6 16. Bf3 Nf6 17. h4 h6 18. g4 Ne8 19. O-O-O Qa6 20. Kb1 b5 21. g5 h5
22. Bxh5 gxh5 23. Qxh5 Rh8 24. Qg4 Nc7 25. Qf3 Rbg8 26. Qf6+ Kf8 27. Qd8+ Ne8
28. Qxd7 Rg7 29. f4 Rgh7 30. h5 Rxh5 31. Rxh5 Rxh5 32. Ng4 Qa4 33. b3 Qa3 34.
Nh6 1-0

[Event "International Championship of Central Se"]
[Site "Paracin, hotel "]
[Date "2015.07.09"]
[Round "8.7"]
[White "Zivkovic, Zivojin"]
[Black "Bozinovic, Boban"]
[Result "1-0"]
[WhiteElo "1977"]
[BlackElo "2043"]
[PlyCount "183"]
[EventDate "2015.07.03"]

1. Nf3 Nf6 2. g3 b6 3. Bg2 Bb7 4. c4 g6 5. O-O Bg7 6. Nc3 O-O 7. d4 d6 8. Bg5
h6 9. Bd2 Nbd7 10. Qc1 Kh7 11. Ng5+ hxg5 12. Bxb7 Rb8 13. Bg2 g4 14. Nb5 a6 15.
Na7 Qe8 16. Nc6 Rc8 17. Bc3 Rh8 18. e4 e5 19. dxe5 dxe5 20. Nb4 Nc5 21. Qc2 c6
22. Qe2 Qe6 23. b3 a5 24. Nc2 Nh5 25. Ne3 f5 26. exf5 gxf5 27. h3 gxh3 28. Bxh3
Rcf8 29. Ng2 Kg8 30. Nh4 Nf4 31. gxf4 Rxh4 32. Bg2 Rxf4 33. f3 Qg6 34. Rae1 Re8
35. Qd2 Rh4 36. Re2 Bh6 37. Qe1 Qh5 38. Rxe5 Rd8 39. Rxc5 bxc5 40. Bf6 Rhd4 41.
Bxd8 Rxd8 42. Qe6+ Kg7 43. Qe7+ Qf7 44. Qxd8 Be3+ 45. Rf2 Qe6 46. Kf1 Bxf2 47.
Kxf2 Qe5 48. Qd2 Kg6 49. f4 Qf6 50. Kg3 Kh6 51. Bf3 Qg7+ 52. Kf2 Qf6 53. Kg1
Qg7+ 54. Kh1 Qa1+ 55. Bd1 Qf6 56. Qh2+ Kg7 57. Bf3 Qd6 58. Qg3+ Kf8 59. Qg5 Qd3
60. Qf6+ Kg8 61. Qg5+ Kf8 62. Bxc6 Qh3+ 63. Kg1 Qe3+ 64. Kh2 Qf2+ 65. Bg2 Ke8
66. Qg8+ Ke7 67. Qg7+ Ke8 68. Qe5+ Kd8 69. Qd6+ Ke8 70. Kh3 Qe3+ 71. Kh4 Qf2+
72. Kg5 Qxg2+ 73. Kxf5 Qh3+ 74. Ke5 Qc3+ 75. Kd5 Qd2+ 76. Kc6 Qxa2 77. Qb8+ Ke7
78. Kxc5 Qf2+ 79. Kb5 Qa2 80. Qe5+ Kd7 81. Qd5+ Ke7 82. c5 Qe2+ 83. Kxa5 Qe1+
84. b4 Qa1+ 85. Kb6 Qa3 86. b5 Qc1 87. Qd6+ Ke8 88. c6 Qg1+ 89. Kb7 Qg2 90. b6
Qh1 91. Kc7 Qb1 92. b7 1-0

[Event "International Championship of Central Se"]
[Site "Paracin, hotel "]
[Date "2015.07.09"]
[Round "8.8"]
[White "Simic, Petar S"]
[Black "Arandjelovic, Aleksandar Z"]
[Result "0-1"]
[WhiteElo "1941"]
[BlackElo "2032"]
[PlyCount "136"]
[EventDate "2015.07.03"]

1. Nf3 Nf6 2. g3 g6 3. b3 Bg7 4. Bb2 d6 5. Bg2 O-O 6. O-O Nc6 7. c4 e5 8. d3
Bg4 9. h3 Bd7 10. Nc3 Qc8 11. Kh2 Re8 12. e3 a5 13. a3 Ne7 14. d4 Nc6 15. dxe5
dxe5 16. Nd5 Ne4 17. Nd2 Nc5 18. b4 Nd3 19. Bc3 Ne7 20. Nxe7+ Rxe7 21. Qb1 e4
22. Bxg7 Kxg7 23. Nxe4 Ne5 24. Qb2 Kh6 25. g4 Bxg4 26. hxg4 Qxg4 27. Rh1 g5 28.
Kg1+ Kg6 29. Rh3 h6 30. Rg3 Qe6 31. f4 Nxc4 32. Qd4 f5 33. Nc5 Qf6 34. fxg5
hxg5 35. Bxb7 Rb8 36. bxa5 Nxa5 37. Rb1 Qxd4 38. exd4 c6 39. Rb6 f4 40. Rg2
Nxb7 41. Rgb2 Nxc5 42. Rxc6+ Kh5 43. Rxb8 Re1+ 44. Kg2 Ne4 45. Rb3 Kg4 46. Rc2
Rd1 47. Re2 Nd2 48. Rb2 Nc4 49. Rbc2 Rxd4 50. Rc3 Nd2 51. Kf2 Ne4+ 52. Rxe4
Rxe4 53. Rb3 Rc4 54. Rb2 Rc3 55. Ra2 Rh3 56. Kg1 f3 57. a4 Kg3 58. a5 Rh7 59.
a6 Rc7 60. Ra1 Ra7 61. Ra2 g4 62. Rg2+ Kh4 63. Ra2 g3 64. Ra4+ Kg5 65. Kf1 Rh7
66. Ra5+ Kg6 67. Kg1 f2+ 68. Kg2 Rh1 0-1

[Event "International Championship of Central Se"]
[Site "Paracin, hotel "]
[Date "2015.07.09"]
[Round "8.9"]
[White "Zivanovic, Blagoje"]
[Black "Molcanov, Sergej"]
[Result "1/2-1/2"]
[WhiteElo "1940"]
[BlackElo "2010"]
[PlyCount "88"]
[EventDate "2015.07.03"]

1. e4 e6 2. d4 d5 3. Nd2 dxe4 4. Nxe4 Bd7 5. Nf3 Bc6 6. Bd3 Nd7 7. Qe2 Ngf6 8.
Bf4 Bxe4 9. Bxe4 Nxe4 10. Qxe4 c6 11. O-O Be7 12. Rfe1 O-O 13. Be5 Nxe5 14.
dxe5 Qd5 15. Rad1 Qxe4 16. Rxe4 Rad8 17. Red4 Rd5 18. Rxd5 cxd5 19. c4 dxc4 20.
a4 Rc8 21. Rd7 Bb4 22. Rxb7 a5 23. Ng5 Rd8 24. g3 c3 25. bxc3 Bxc3 26. Nxf7 Rf8
27. Ng5 Bxe5 28. Nxe6 Rc8 29. Rb5 Bc3 30. Rc5 Rxc5 31. Nxc5 Kf7 32. Kf1 Bd4 33.
Nb3 Bb6 34. Ke2 Ke6 35. f3 Kd5 36. Kd3 h5 37. Nd2 Bc7 38. Ne4 Be5 39. h3 Bc7
40. g4 hxg4 41. hxg4 Bf4 42. Kc3 Be5+ 43. Kd3 Bf4 44. Kc3 Be5+ 1/2-1/2

[Event "International Championship of Central Se"]
[Site "Paracin, hotel "]
[Date "2015.07.09"]
[Round "8.10"]
[White "Jakovljevic, Dejan"]
[Black "Cirjan, Daniel"]
[Result "1/2-1/2"]
[WhiteElo "2006"]
[BlackElo "1917"]
[PlyCount "67"]
[EventDate "2015.07.03"]

1. e4 c6 2. d4 d5 3. f3 e6 4. Nc3 Nf6 5. e5 Nfd7 6. Be3 c5 7. f4 cxd4 8. Bxd4
Nc6 9. Bf2 Bb4 10. Qd3 f6 11. Qh3 Qe7 12. Nf3 Nc5 13. Bd3 Nxd3+ 14. cxd3 fxe5
15. fxe5 O-O 16. O-O Bd7 17. Ne2 Rf5 18. Ng3 Rxf3 19. gxf3 Nxe5 20. Nh5 Nxd3
21. Bh4 Bc5+ 22. Kh1 Qf7 23. Qg4 Kh8 24. Rg1 Bxg1 25. Rxg1 Rc8 26. Qxg7+ Qxg7
27. Rxg7 Rc1+ 28. Kg2 Nf4+ 29. Kf2 Be8 30. Bf6 Nxh5 31. Rg1+ Nxf6 32. Rxc1 Bc6
33. Re1 Bd7 34. Rc1 1/2-1/2

[Event "International Championship of Central Se"]
[Site "Paracin, hotel "]
[Date "2015.07.09"]
[Round "8.11"]
[White "Colovic, Zoran"]
[Black "Farkas, Sandor I"]
[Result "1-0"]
[WhiteElo "2086"]
[BlackElo "1863"]
[PlyCount "78"]
[EventDate "2015.07.03"]

1. e4 c5 2. Nf3 d6 3. c3 Nf6 4. Be2 Nc6 5. d3 e6 6. O-O Be7 7. Nbd2 O-O 8. d4
cxd4 9. cxd4 d5 10. e5 Ne4 11. Bd3 f5 12. exf6 Nxf6 13. Qe2 a5 14. Nb3 Qd6 15.
Bd2 b6 16. Rfe1 a4 17. Nc1 a3 18. Bc3 g6 19. Nb3 Nh5 20. Bb5 axb2 21. Bxb2 Nf4
22. Qe3 Nb4 23. Rec1 Ba6 24. Bxa6 Rxa6 25. Ne5 Rxa2 26. Rxa2 Nxa2 27. Rf1 Nb4
28. g3 Nh5 29. Ba3 Ng7 30. Rc1 Ra8 31. Nd2 Nf5 32. Qf3 Rxa3 33. Qxa3 Nxd4 34.
Rc8+ Kg7 35. Ndf3 Nxf3+ 36. Nxf3 Qd7 37. Qa8 Kf6 38. Rf8+ Kg7 39. Rf7+ Kh6 1-0

[Event "International Championship of Central Se"]
[Site "Paracin, hotel "]
[Date "2015.07.09"]
[Round "8.12"]
[White "Jankov, Saso"]
[Black "Sukovic, Andrej"]
[Result "1/2-1/2"]
[WhiteElo "2093"]
[BlackElo "1962"]
[PlyCount "136"]
[EventDate "2015.07.03"]

1. d4 Nf6 2. Nf3 g6 3. Bf4 Bg7 4. e3 O-O 5. h3 Nh5 6. Bh2 f5 7. Be2 d6 8. c3 c6
9. Nbd2 Qe8 10. Ng5 e5 11. dxe5 dxe5 12. Bxh5 gxh5 13. Ngf3 Kh8 14. Nc4 Nd7 15.
Qd6 Rf6 16. Qc7 f4 17. O-O-O e4 18. Nfe5 Nf8 19. Rd8 Qe6 20. Rd6 Qe8 21. Rxf6
Bxf6 22. Nf7+ Kg7 23. Nfd6+ Qe7 24. Qxe7+ Bxe7 25. Bxf4 Be6 26. Nd2 Ng6 27. Bh2
a5 28. Kb1 b5 29. Nb3 Bd5 30. Nd4 Bxd6 31. Bxd6 Rd8 32. Bc7 Rf8 33. f4 exf3 34.
gxf3 Bxf3 35. Ne6+ Kg8 36. Nxf8 Bxh1 37. Nxg6 hxg6 38. Bxa5 Kf7 39. h4 Ke6 40.
Kc2 Kd5 41. Kd2 Bf3 42. b3 c5 43. a4 bxa4 44. bxa4 Kc4 45. Bd8 Be4 46. Bf6 Bf3
47. a5 Be4 48. Be5 Kb5 49. Bc7 Kc4 50. a6 Kb5 51. a7 Kc4 52. Be5 Bf3 53. Ke1
Kd3 54. Kf2 Ba8 55. Bd6 Kxc3 56. Bxc5 Kd3 57. Ke1 Ke4 58. Kd2 g5 59. hxg5 Kf5
60. Be7 h4 61. g6 Kxg6 62. Bxh4 Kf5 63. Kd3 Ke5 64. Bg3+ Kd5 65. e4+ Kc6 66.
Kd4 Kb6 67. Bb8 Bc6 68. Ke5 Bxe4 1/2-1/2

[Event "International Championship of Central Se"]
[Site "Paracin, hotel "]
[Date "2015.07.09"]
[Round "8.13"]
[White "Tonic, Milos"]
[Black "Radonjic, Milan"]
[Result "1-0"]
[WhiteElo "2066"]
[BlackElo "1936"]
[PlyCount "91"]
[EventDate "2015.07.03"]

1. c4 e5 2. Nc3 f5 3. Nf3 d6 4. d4 e4 5. Ng1 Nf6 6. Nh3 Be7 7. g3 O-O 8. Bg2 c6
9. d5 c5 10. O-O Nbd7 11. b3 Ne5 12. f3 exf3 13. exf3 Ng6 14. Re1 Ne8 15. f4
Bf6 16. Bb2 Bd4+ 17. Kh1 Nf6 18. Qd2 Bd7 19. a4 Qb6 20. Nb5 Bxb2 21. Qxb2 Rfe8
22. Rxe8+ Bxe8 23. a5 Qd8 24. Nc3 Rc8 25. Ng5 Bd7 26. Ne6 Bxe6 27. dxe6 Qe7 28.
Re1 Nf8 29. h3 Re8 30. Nd5 Nxd5 31. Bxd5 Ng6 32. Kg2 Kf8 33. b4 b6 34. bxc5
bxc5 35. Qc2 Qf6 36. Qd3 Rb8 37. Bf3 Rb2+ 38. Kh1 Ke7 39. Qd5 Qf8 40. Rd1 Kf6
41. g4 Ne7 42. Qxd6 Qb8 43. g5+ Kg6 44. Qxe7 Qxf4 45. Qf7+ Kxg5 46. Rg1+ 1-0

[Event "International Championship of Central Se"]
[Site "Paracin, hotel "]
[Date "2015.07.09"]
[Round "8.14"]
[White "Kostic, Marko"]
[Black "Bozilov, Dragan"]
[Result "1-0"]
[WhiteElo "1903"]
[BlackElo "2044"]
[PlyCount "91"]
[EventDate "2015.07.03"]

1. d4 Nf6 2. Bf4 e6 3. e3 c5 4. c3 b6 5. Nf3 Bb7 6. Nbd2 cxd4 7. exd4 Be7 8. h3
O-O 9. Bd3 d6 10. O-O Nbd7 11. Qc2 Re8 12. Rfe1 a6 13. a4 Rc8 14. Ng5 h6 15.
Nge4 Nxe4 16. Nxe4 e5 17. dxe5 dxe5 18. Bg3 Qc7 19. Qe2 f5 20. Nd2 Qc6 21. f3
Qg6 22. Bf2 Nc5 23. Bc4+ Kh8 24. Qxe5 Bd6 25. Qd4 Red8 26. Qh4 Bb8 27. Re2 Nd3
28. Bxd3 Rxd3 29. Bd4 Bg3 30. Qe7 Bc6 31. Re6 Qg5 32. Qxg5 hxg5 33. Nf1 Bf4 34.
Kf2 Bd5 35. Rxb6 Re8 36. Rxa6 Bc4 37. Rc6 Bd5 38. Rc5 Be6 39. a5 Bd7 40. b4 g4
41. b5 g3+ 42. Kg1 Re2 43. a6 Bb8 44. b6 Rxf3 45. gxf3 g2 46. a7 1-0

[Event "International Championship of Central Se"]
[Site "Paracin, hotel "]
[Date "2015.07.09"]
[Round "8.15"]
[White "Milinkovic, Ognjen D"]
[Black "Gajic, Aleksa"]
[Result "0-1"]
[WhiteElo "1898"]
[BlackElo "2024"]
[PlyCount "102"]
[EventDate "2015.07.03"]

1. e4 e5 2. Nf3 Nc6 3. d4 exd4 4. Nxd4 Bc5 5. Be3 Qf6 6. c3 Nge7 7. Be2 O-O 8.
O-O Bb6 9. Na3 d6 10. Nc4 Be6 11. Nxb6 axb6 12. a3 Qg6 13. f3 Ne5 14. Nxe6 fxe6
15. Bd2 Nd7 16. Bd3 Nc5 17. Bc2 e5 18. b4 Ne6 19. Qc1 Nf4 20. Bxf4 Rxf4 21.
Bb3+ Kh8 22. a4 Raf8 23. Qe3 h5 24. a5 bxa5 25. Rxa5 Qf6 26. Bd1 Nc6 27. Ra2
Qe6 28. Rff2 Qc4 29. Ra3 Qe6 30. Bb3 Qd7 31. Rfa2 h4 32. Bd1 Qe6 33. h3 Qg6 34.
Ra8 Qg3 35. Qf2 Kh7 36. Qxg3 hxg3 37. Bb3 Kg6 38. Be6 R4f6 39. Bd5 Kg5 40. Kf1
Ne7 41. Bxb7 Ng6 42. Bc8 Kf4 43. Ke2 Nh4 44. Bg4 Nxg2 45. Rxf8 Rxf8 46. Ra7 Ne3
47. h4 Nxg4 48. fxg4 Kxe4 49. Ra1 Rf2+ 50. Ke1 Rh2 51. Ra3 Rh1+ 0-1

[Event "International Championship of Central Se"]
[Site "Paracin, hotel "]
[Date "2015.07.09"]
[Round "8.16"]
[White "Stahlberg, David"]
[Black "Gligorijevic, Bojan"]
[Result "1-0"]
[WhiteElo "2023"]
[BlackElo "1873"]
[PlyCount "63"]
[EventDate "2015.07.03"]

1. d4 d5 2. Bf4 Nf6 3. e3 e6 4. c4 c6 5. Nc3 Nbd7 6. Nf3 Qa5 7. a3 Ne4 8. c5
Nxc3 9. Qd2 b6 10. b4 Qa4 11. Qxc3 b5 12. Bd3 Nf6 13. Nd2 Bd7 14. O-O Be7 15.
h3 O-O 16. f3 Nh5 17. Bh2 f5 18. Nb3 Qa6 19. a4 Qc8 20. axb5 cxb5 21. Ra2 f4
22. Qc2 g6 23. exf4 Nxf4 24. Bxf4 Rxf4 25. Bxg6 Rh4 26. Bd3 Bf6 27. Qf2 Qc7 28.
f4 Kf7 29. f5 e5 30. Ra6 Rf4 31. Qg3 Rg8 32. Rxf6+ 1-0

[Event "International Championship of Central Se"]
[Site "Paracin, hotel "]
[Date "2015.07.09"]
[Round "8.17"]
[White "Mihov, Filip"]
[Black "Djuretanovic, Ivan"]
[Result "0-1"]
[WhiteElo "1785"]
[BlackElo "2000"]
[PlyCount "88"]
[EventDate "2015.07.03"]

1. d4 Nf6 2. c4 c5 3. Nf3 g6 4. Nc3 Bg7 5. e4 cxd4 6. Nxd4 d6 7. Be2 O-O 8. Be3
Nc6 9. O-O Bd7 10. Nc2 Rc8 11. f3 a6 12. Qd2 Na5 13. b3 b5 14. cxb5 Qc7 15.
Rac1 Qxc3 16. Qxc3 Rxc3 17. Bd2 Rcc8 18. Bxa5 axb5 19. Na3 Ra8 20. b4 Rfb8 21.
Rc7 Bh6 22. f4 Rc8 23. Rxc8+ Rxc8 24. Bxb5 Bxb5 25. Nxb5 Nxe4 26. Nd4 e5 27.
fxe5 Be3+ 28. Kh1 Bxd4 29. exd6 Nxd6 30. Rd1 Ne4 31. Rb1 Rc2 32. h3 Rxa2 33.
Bc7 Ra1 34. Rxa1 Bxa1 35. g4 f5 36. Kg2 Kf7 37. Kf3 Ke6 38. h4 Be5 39. Bb6 Nd2+
40. Ke2 Nc4 41. gxf5+ gxf5 42. Bd8 Bd4 43. Ba5 Nd6 44. h5 Bc3 0-1

[Event "International Championship of Central Se"]
[Site "Paracin, hotel "]
[Date "2015.07.09"]
[Round "8.18"]
[White "Madic, Zivko"]
[Black "Cvetkovski, Slobodan"]
[Result "0-1"]
[WhiteElo "2036"]
[BlackElo "1847"]
[PlyCount "162"]
[EventDate "2015.07.03"]

1. d4 d5 2. c4 e6 3. Nc3 Nf6 4. cxd5 exd5 5. Bg5 c6 6. Qc2 Be7 7. e3 Ne4 8.
Nxe4 Bxg5 9. Nxg5 Qxg5 10. Nf3 Qe7 11. Bd3 Qb4+ 12. Nd2 h6 13. O-O O-O 14. Nb3
Qd6 15. Rad1 Nd7 16. Rfe1 Nf6 17. f3 Re8 18. Qd2 Re7 19. e4 dxe4 20. fxe4 Ne8
21. e5 Qd8 22. Bc4 Be6 23. Bxe6 Rxe6 24. Nc5 Re7 25. b4 Qd5 26. Qb2 a6 27. a4
Rd8 28. a5 f6 29. Rd3 Qc4 30. Rc1 Qd5 31. Qf2 Rf7 32. Qb2 Re7 33. Rcd1 Rb8 34.
Re1 Rd8 35. Re2 f5 36. Qc3 g6 37. Rdd2 Ng7 38. e6 Ne8 39. Re5 Qd6 40. Qe3 Kh7
41. h4 Nf6 42. Qb3 Ng4 43. Rd3 Nxe5 44. dxe5 Qc7 45. Rd7 Rexd7 46. exd7 Rxd7
47. Nxd7 Qxd7 48. Qc3 Qd5 49. Qe3 Qe6 50. Qc5 Kg7 51. Qe3 Qe7 52. Qd4 Kf7 53.
Qf4 h5 54. g3 Qd7 55. Kh2 Qd3 56. Kg1 Ke6 57. Kf2 Qe4 58. Qg5 Kxe5 59. Qxg6
Qxb4 60. Qxh5 Qa4 61. Kf1 Qa1+ 62. Kf2 Qxa5 63. Qe8+ Kd6 64. h5 Qd2+ 65. Kf3
Qd1+ 66. Kf2 Qd4+ 67. Kf1 Qg7 68. Qe3 b5 69. Kf2 Qh7 70. Qe8 a5 71. Kf3 a4 72.
Kf4 a3 73. Qe5+ Kd7 74. Qd4+ Kc8 75. Kg5 Qg8+ 76. Kxf5 Qxg3 77. h6 Qf3+ 78. Kg6
Qg2+ 79. Kf7 Qb2 80. Qg4+ Kc7 81. Kf8 a2 0-1

[Event "International Championship of Central Se"]
[Site "Paracin, hotel "]
[Date "2015.07.09"]
[Round "8.19"]
[White "Lazic, Milan B"]
[Black "Lapcevic, Dragutin"]
[Result "1/2-1/2"]
[WhiteElo "2019"]
[BlackElo "1840"]
[PlyCount "42"]
[EventDate "2015.07.03"]

1. e4 c5 2. Nc3 Nc6 3. g3 g6 4. Bg2 Bg7 5. d3 d6 6. Be3 Nd4 7. f4 h5 8. h3 Bd7
9. Nf3 Nxf3+ 10. Qxf3 e6 11. O-O Ne7 12. Rab1 Bc6 13. Qd1 Qa5 14. Qd2 O-O 15.
Nd5 Qd8 16. Nxe7+ Qxe7 17. c3 Rad8 18. d4 b6 19. f5 exf5 20. exf5 Bxg2 21. Kxg2
Qe4+ 1/2-1/2

[Event "International Championship of Central Se"]
[Site "Paracin, hotel "]
[Date "2015.07.09"]
[Round "8.20"]
[White "Mijajlovic, Jovan"]
[Black "Dragojevic, Dragan"]
[Result "1-0"]
[WhiteElo "1847"]
[BlackElo "1996"]
[PlyCount "27"]
[EventDate "2015.07.03"]

1. e4 e5 2. Nf3 Nc6 3. d4 exd4 4. Bc4 d6 5. O-O Ne5 6. Nxe5 dxe5 7. f4 g6 8.
fxe5 Be6 9. Bxe6 fxe6 10. Qf3 Qe7 11. Bg5 Qg7 12. Qb3 Qd7 13. Qxb7 Qc8 14. Qc6+
1-0